El mamut y la castaña / (Registro nro. 9518)
[ vista simple ]
| 000 -LIDER | |
|---|---|
| fixed length control field | 00800nam a22002657a 4500 |
| 001 - NÚMERO DE CONTROL | |
| Identificador de número de control | 0005203 |
| 003 - IDENTIFICACDOR DE NÚMERO DE CONTROL | |
| control field | DO-SdBPM |
| 005 - DATE AND TIME OF LATEST TRANSACTION | |
| control field | 20250130081529.0 |
| 007 - CAMPOS FIJOS DE DESCRIPCIÓN FÍSICA | |
| fixed length control field | 0005203 |
| 008 - ELEMENTOS DE LONGITUD FIJA | |
| fixed length control field | 160404b 2006 fr a ||| 00| 0 spa d |
| 020 ## - ISBN | |
| International Standard Book Number | 2350240649 |
| 040 ## - FUENTE DE CATALOGACIÓN | |
| Agencia que crea de manera original el registro | DO-SdBPM |
| Idioma de catalogación | spa |
| Agencia que realiza la transcripción | BPMSU |
| 082 #4 - NÚMERO DE CLASIFICACIÓN DECIMAL DE DEWEY | |
| Classification number | 843.91 |
| Item number | N778m 2006 |
| Edition number | 22 |
| 100 1# - ASIENTO PRINCIPAL -- NOMBRE PERSONAL | |
| Nombre personal | Nogués, Jean-come |
| 245 13 - MENCIÓN DE TITULO | |
| Título | El mamut y la castaña / |
| Mención de responsabilidad | Jean-Come Nogués ; ilustración Laurence Moussel |
| 260 ## - PUBLICACIÓN, DISTRIBUCIÓN, ETC. (PIE DE IMPRENTA) | |
| Lugar de publicación, distribución, etc | Francia : |
| Nombre del editor, distribuidor, etc. | Brodard & Taupin, |
| Fecha de publicación, distribución, etc | 2006. |
| 300 ## - DESCRIPCIÓN FÍSICA | |
| Extensión | 153 p. : |
| Otros detalles físicos | il.; |
| Dimensiones | 20 cm. |
| 500 ## - NOTA GENERAL | |
| Nota general | A partir de 9 años. |
| 521 ## - TARGET AUDIENCE NOTE | |
| Target audience note | A partir de 9 años. |
| 590 ## - NOTA LOCAL | |
| Texto de la nota local | Inventariado, 2025/VM |
| 650 #4 - ENCABEZAMIENTO DE MATERIA--TEMÁTICO | |
| Término temático o nombre geográfico como elemento de entrada | Novela infantil francesa |
| 700 1# - ASIENTO SECUNDARIO -- NOMBRE PERSONAL | |
| Nombre personal | Moussel, Laurence |
| Mención de responsabilidad | ilustraciones |
| 910 ## - VALIDACIÓN | |
| Validación | VMateo V. Control de calidad. BPMSU |
| 942 ## - ADDED ENTRY ELEMENTS (KOHA) | |
| Source of classification or shelving scheme | Dewey Decimal Classification |
| Koha item type | Libros |
| Withdrawn status | Lost status | Source of classification or shelving scheme | Damaged status | Not for loan | Collection code | Home library | Current library | Date acquired | Source of acquisition | Total Checkouts | Full call number | Barcode | Date last seen | Price effective from | Koha item type | Copy number |
|---|---|---|---|---|---|---|---|---|---|---|---|---|---|---|---|---|
| Dewey Decimal Classification | Colección Infantil General | Biblioteca Pública Metropolitana Salomé Ureña | Biblioteca Pública Metropolitana Salomé Ureña | 04/04/2016 | BPMSU CGI 843.91 N778m 2006 | BPMSU18020231 | 04/04/2016 | 04/04/2016 | Libros | |||||||
| Dewey Decimal Classification | Colección Infantil General | Biblioteca Pública Metropolitana Salomé Ureña | Biblioteca Pública Metropolitana Salomé Ureña | 05/18/2016 | FUNDI | BPMSU CGI 843.91 N778m 2006 | BPMSU16050369 | 05/18/2016 | 05/18/2016 | Libros | e.2 |